OECD guide to measuring the information society 2011

Guardado en:
Detalles Bibliográficos
Formato: Libro
Lenguaje:inglés
Publicado: Paris OECD 2011
Materias:
Etiquetas: Agregar Etiqueta
Sin Etiquetas, Sea el primero en etiquetar este registro!

MARC

LEADER 00000nam a2200000 4500
001 0142473
005 20221108071339.4
020 |a 978-92-64-09598-4 
041 0 |a eng 
044 |a FR 
245 1 0 |a OECD guide to measuring the information society 2011 
264 1 |a Paris  |b OECD  |c 2011 
300 |a 204 s. 
610 2 0 |a spoločnosť informačná 
610 2 0 |a technológie informačné 
610 2 0 |a technológie komunikačné 
610 2 0 |a obchod medzinárodný 
610 2 0 |a ceny 
610 2 0 |a kvalita 
610 2 0 |a internet 
610 2 0 |a podnikanie elektronické 
610 2 0 |a obchod elektronický 
610 2 0 |a meranie 
610 2 0 |a štatistika 
610 2 0 |a údaje štatistické